| 000 | 00764nam a22002297a 4500 | ||
|---|---|---|---|
| 003 | BD-DhJNU | ||
| 005 | 20250721054543.0 | ||
| 008 | 250721b |||||||| |||| 00| 0 eng d | ||
| 040 |
_aBD-DhJNU _bENG _cBD-DhJNU _dBD-DhJNU |
||
| 082 |
_223 _a342.73 ROA |
||
| 100 | _aCarr, Robert K. | ||
| 245 |
_aAmerican democracy in theory and practice : _bnational state, and local government / _cRobert K. Carr, Marver H. Bernstein and Walter F. Murphy |
||
| 250 | _a4th ed. | ||
| 260 |
_aNew York : _bHolt, Rinehart and Winston, _c1965. |
||
| 300 |
_axiv, 658p. : _bill. ; _c24 cm. |
||
| 504 | _aIncludes index | ||
| 650 | _aConstitutional and administrative law | ||
| 650 | _aLaw | ||
| 700 | _aBernstein, Marver H. | ||
| 700 | _aMurphy, Walter F. | ||
| 942 |
_2ddc _cBK _n0 |
||
| 999 |
_c1922 _d1922 |
||